[Event "Beacon Seniors op"]
[Site "Exmouth"]
[Date "2006.11.13"]
[Round "1"]
[White "Tout, David J"]
[Black "Deakin, Clive"]
[Result "0-1"]
[WhiteElo "1496"]
[BlackElo "1480"]
[PlyCount "74"]
[EventDate "2006.11.13"]
[EventType "swiss"]
[EventRounds "5"]
[EventCountry "ENG"]
[SourceTitle "EXT 2008"]
[Source "ChessBase"]
[SourceDate "2007.11.25"]
[SourceVersion "1"]
[SourceVersionDate "2007.11.25"]
[SourceQuality "1"]

1. e4 e5 2. Nf3 Nc6 3. Bb5 a6 4. Ba4 Nf6 5. Nc3 b5 6. Bb3 Be7 7. a3 d6 8. h3 0-0 9. 0-0 Bb7 10. d3 h6 11. Ne2 Nh5 12. Ba2 Kh7 13. Nh2 Qd7 14. b4 Nd8 15. Be3 Ne6 16. Qd2 Rad8 17. Ng3 Nhf4 18. Bxe6 fxe6 19. d4 Bg5 20. Nf3 Nxh3+ 21. gxh3 Rxf3 22. Bxg5 hxg5 23. Qxg5 Rdf8 24. dxe5 dxe5 25. Rad1 Qf7 26. Rd2 Qf4 27. Qxf4 R8xf4 28. Kg2 Rxa3 29. Rd7 Rc3 30. Ne2 Rxe4 31. Nxc3 Rg4+ 32. Kh2 Rg2+ 33. Kh1 Rxf2+ 34. Kg1 Rg2+ 35. Kh1 Rxc2+ 36. Kg1 Rg2+ 37. Kh1 Rd2+ 0-1

[Event "Beacon Seniors op 60+"]
[Site "Exmouth"]
[Date "2005.11.14"]
[Round "1"]
[White "Lucas, Phil"]
[Black "Tout, David J"]
[Result "1/2-1/2"]
[WhiteElo "1592"]
[BlackElo "1400"]
[PlyCount "66"]
[EventDate "2005.11.14"]
[EventType "swiss"]
[EventRounds "5"]
[EventCountry "ENG"]
[SourceTitle "EXT 2007"]
[Source "ChessBase"]
[SourceDate "2006.11.23"]
[SourceVersion "1"]
[SourceVersionDate "2006.11.23"]
[SourceQuality "1"]

1. e4 e5 2. Nc3 Nf6 3. f4 d6 4. Nf3 Nbd7 5. d4 Qe7 6. Bd3 exd4 7. Nxd4 Nc5 8. 0-0 Ne6 9. Nxe6 Bxe6 10. f5 Bc8 11. Bg5 Qd7 12. Bxf6 gxf6 13. Qg4 c6 14. a4 Bh6 15. Rf3 Qe7 16. Rd1 Bg5 17. Bc4 h5 18. Qg3 Qe5 19. Qf2 h4 20. Rfd3 Bf4 21. Rh3 Bg5 22. Bb3 Bd7 23. Kh1 Ke7 24. Qe2 Rae8 25. Qc4 Rh7 26. Rhd3 Bf4 27. h3 Kf8 28. Ne2 Bg3 29. Nxg3 hxg3 30. Rxd6 Bxf5 31. exf5 Qxf5 32. Qf1 Qe4 33. Kg1 Qe3+ 1/2-1/2